| 000 | 01138naa a2200301 c 4500 | ||
|---|---|---|---|
| 001 | 49908 | ||
| 999 |
_c49908 _d49908 |
||
| 003 | ES-MaCES | ||
| 005 | 20170907151331.0 | ||
| 008 | 170907s2017 cl ||||| t||||||| ||spa d | ||
| 040 |
_aES-MaCES _bspa _cES-MaCES _dES-MaCES |
||
| 100 | 1 |
_938510 _aBello, Omar D. |
|
| 245 | 1 | 0 |
_aDesastres, crecimiento económico y respuesta fiscal en los países de América Latina y el Caribe, 1972-2010 _cOmar D. Bello |
| 500 | _aResumen | ||
| 504 | _aBibliografía: p. 29-30 | ||
| 650 | 4 |
_928728 _acatástrofe natural |
|
| 650 | 4 |
_927082 _aconsecuencias económicas |
|
| 650 | 4 |
_927094 _acrecimiento económico |
|
| 650 | 4 |
_929369 _aproducto interior bruto |
|
| 650 | 4 |
_929234 _adesarrollo económico y social |
|
| 650 | 4 |
_928082 _apolítica fiscal |
|
| 650 | 4 |
_928076 _agasto público |
|
| 650 | 4 |
_928087 _arecaudación de impuestos |
|
| 650 | 4 |
_926882 _aAmérica Latina |
|
| 653 | 1 | 0 | _aDesarrollo regional |
| 773 | 0 |
_986241 _dSantiago de Chile Naciones Unidas _o089138 _tRevista de la CEPAL _w(ES-MaCES)25729 _gn. 121 (abr. 2017) {10247 R. 089138} ;p. 7-30 |
|
| 902 | _aART Artículo de revista | ||
| 942 |
_2CES _cAR _h1.1. |
||